|
|
|
|
| LEADER |
00740cam a2200217 7i4500 |
| 001 |
0000008101 |
| 005 |
20170218090000.0 |
| 020 |
|
|
|a 9788178080857
|
| 020 |
|
|
|a 8178080850 (pbk.)
|
| 090 |
0 |
0 |
|a QA76.9.D3
|b M43 1999
|
| 100 |
1 |
|
|a McFadden, Fred R
|
| 245 |
1 |
0 |
|a Modern database management
|c Fred R. McFadden, Jeffrey A. Hoffer, Mary B. Prescott.
|
| 250 |
|
|
|a 5th ed.
|
| 260 |
|
|
|a Singapore:
|b Pearson Education Asia,
|c 1999.
|
| 300 |
|
|
|a xxvi, 622 p.:
|b ill.;
|c 26 cm.
|
| 500 |
|
|
|a Includes index
|
| 650 |
0 |
0 |
|a Database management
|
| 700 |
1 |
|
|a Prescott, Mary B
|
| 700 |
1 |
|
|a Hoffer, Jeffrey A
|
| 997 |
|
|
|a Communication, Visual Art & Computing, Faculty
|b Computing, Department
|
| 999 |
|
|
|a 0000002194
|b BOK
|c OPEN SHELF
|e 2nd Floor, Bestari Jaya
|